Normal view
MARC view
Entry Topical Term
001 - CONTROL NUMBER
- control field: 17241
003 - CONTROL NUMBER IDENTIFIER
- control field: OSt
005 - DATE AND TIME OF LATEST TRANSACTION
- control field: 20211105134136.0
008 - FIXED-LENGTH DATA ELEMENTS
- fixed length control field: 211105|| aca||aabn | a|a d
040 ## - CATALOGING SOURCE
- Original cataloging agency: OSt
- Transcribing agency: OSt
150 ## - HEADING--TOPICAL TERM
- Topical term or geographic name entry element: Solar Cosmic Abundance
670 ## - SOURCE DATA FOUND
- Source citation: Work cat.: (OSt): Symposium of the Inetrnational Astronomical Union Bulgaria 1990 Aug. 27-31 17240, Evolution of stars-the photospheric abundance connectio, 1991